000 00709nmc a2200253 a 4500
003 AR-BaBNM
005 20251128211249.0
008 043020s1998 ||||||||||||||000 | spa||
020 _a950-860-064-0
040 _cAR-BaBNM
100 1 _aOrgambide, Pedro
245 1 0 _aPedro Orgambide
_bantología personal
260 _aBuenos Aires
_bEdiciones Instituto Movilizador de Fondos Cooperativos C.L.
_c1998
300 _a126 p.
490 0 _aDesde la gente
_vv. 58
504 _aContiene referencias bibliográficas
650 4 _aLITERATURA ARGENTINA
650 4 _aLITERATURA CONTEMPORANEA
650 4 _aANTOLOGIAS
653 _aNARRATIVA
655 _aLITERATURA
942 _cBK
998 _cmartin
999 _c18906
_d18906